نقش بر سنگ : (Record no. 191638)

MARC details
000 -LEADER
fixed length control field 00650nam a22001937a 4500
005 - DATE AND TIME OF LATEST TRANSACTION
control field 20220831111651.0
010 ## - LCCN (DPL NO)
LC control number UR-11689
020 ## - INTERNATIONAL STANDARD BOOK NUMBER
International Standard Book Number 9789391238407
Terms of availability 300.00
035 ## - SYSTEM CONTROL NUMBER
System control number U-10244
037 ## - SOURCE OF ACQUISITION
Source of stock number/acquisition DBAD/PUB
Stock number -
082 ## - DEWEY DECIMAL CLASSIFICATION NUMBER
Classification number 921
100 ## - MAIN ENTRY--PERSONAL NAME
Personal name سہیل انجم
245 ## - TITLE STATEMENT
Title نقش بر سنگ :
Remainder of title کچھ خراج تحسین ، کچھ خراج عقیدت /
Statement of responsibility, etc سہیل انجم
246 ## - VARYING FORM OF TITLE
Title proper/short title Naqsh Bar Sang /
Remainder of title by Suhail Anjum
260 ## - PUBLICATION, DISTRIBUTION, ETC. (IMPRINT)
Place of publication, distribution, etc New Delhi
Name of publisher, distributor, etc Educational Publishing House
Date of publication, distribution, etc 2021 ء
270 ## - ADDRESS
Address H.O. D1/16, Ansari Road, Darya Ganj
City New Delhi
Postal code 110002
300 ## - PHYSICAL DESCRIPTION
Extent 224 ص
Dimensions 23cm(Hb)
942 ## - ADDED ENTRY ELEMENTS (KOHA)
Source of classification or shelving scheme Dewey Decimal Classification
Item type Urdu Bks
Classification part 921
Call number suffix س ہ ی
Holdings
Withdrawn status Lost status Not for loan Collection code Home library Current library Date acquired Source of acquisition Cost, normal purchase price Full call number Barcode Copy number Cost, replacement price Koha item type
      Non-fiction Sarojini Nagar Sarojini Nagar 31/08/2022 DBAD/PUB 300.00 921 س ہ ی U-10244 1 300.00 Urdu Bks

© Delhi Public Library
Hit Counter
free hit counter